| 000 | 00551nam a2200205Ia 4500 | ||
|---|---|---|---|
| 003 | OSt | ||
| 005 | 20250106125157.0 | ||
| 008 | 210210b xxu||||| |||| 00| 0 eng d | ||
| 040 | _cAL | ||
| 041 | _aHindi | ||
| 082 | _a869/247 | ||
| 100 |
_aSHIVAPUJAN (Sahaji) _d शिवपूजन सहाय _9192234 |
||
| 245 |
_aDehati duniya _bदेहाती दुनिया : |
||
| 260 |
_aPaTna _bPushtak Mahal |
||
| 650 |
_aduniya _9192235 |
||
| 650 |
_aDehAti _9192236 |
||
| 690 |
_aHindi Fiction _9192237 |
||
| 906 | _a024046 | ||
| 942 |
_2ddc _cBK |
||
| 999 |
_c149010 _d149010 |
||